Slovenské letiská volajú po investíciách
Šesť slovenských letísk ponúka služby pre vnútrozemskú i medzinárodnú dopravu - Bratislava, Košice, Poprad-Tatry, Piešťany, Sliač, Žilina. Päť z nich, okrem žilinského, patrí pod Slovenskú správu letísk. V r.1996 sa začala transformácia správy a prevádzky žilinského letiska a začala svoju činnosť a....
Na minha lista:
| Formato: | Capítulo de Livro |
|---|---|
| Idioma: | eslovaco |
| Assuntos: | |
| Tags: |
Sem tags, seja o primeiro a adicionar uma tag!
|
MARC
| LEADER | 00000naa a2200000 4500 | ||
|---|---|---|---|
| 001 | r026253 | ||
| 005 | 20230921080437.8 | ||
| 041 | 0 | |a slo | |
| 044 | |a SK | ||
| 245 | 1 | 0 | |a Slovenské letiská volajú po investíciách |
| 520 | |a Šesť slovenských letísk ponúka služby pre vnútrozemskú i medzinárodnú dopravu - Bratislava, Košice, Poprad-Tatry, Piešťany, Sliač, Žilina. Päť z nich, okrem žilinského, patrí pod Slovenskú správu letísk. V r.1996 sa začala transformácia správy a prevádzky žilinského letiska a začala svoju činnosť a.s. Letisko Žilina. | ||
| 610 | 2 | 0 | |a letiská |
| 610 | 2 | 0 | |a doprava letecká |
| 610 | 2 | 0 | |a transformácia |
| 610 | 2 | 0 | |a reštrukturalizácia |
| 610 | 2 | 0 | |a akcionári |
| 610 | 2 | 0 | |a Bratislava |
| 610 | 2 | 0 | |a Košice |
| 610 | 2 | 0 | |a Poprad |
| 610 | 2 | 0 | |a Piešťany |
| 610 | 2 | 0 | |a Sliač |
| 610 | 2 | 0 | |a Žilina |
| 610 | 2 | 0 | |a Slovensko |